| 000 | 00449nam a22001577a 4500 | ||
|---|---|---|---|
| 003 | LRUA | ||
| 005 | 20251211144516.0 | ||
| 008 | 251211b xxu||||| |||| 00| 0 eng d | ||
| 040 | _cRUA | ||
| 082 | _2RE NB 2015 C-108 Or.1 | ||
| 100 |
_919176 _aNgo Bunthan ង៉ោ ប៊ុនថាន |
||
| 245 | _aRoad toward Agriculture and Rural Development Enhancemen | ||
| 260 |
_aPHNOM PENH _bRUA _c2025 |
||
| 300 |
_ax248p _bvii _c29cm |
||
| 942 |
_2ddc _cREC |
||
| 999 |
_c25435 _d25435 |
||